000 00568nam a2200193Ia 4500
008 151121s9999||||xx |||||||||||||| ||und||
082 _aबा। वि।
082 _bHNW-73440
100 _aभांड बाबा
245 _aपारंब्या
260 _b"साके त प्रकाशन, औरंगाबाद।"
260 _c--
300 _a10
600 _aभांड बाबा
630 _aपारंब्या
700 _aभांड बाबा
730 _aपारंब्या
942 _cBOOK
999 _c1254897
_d1254894